Statistiken für Top 15 der betroffenen Covid-19-Länder - 20. Oktober 2021

Klicken Sie hier um das Quiz zu spielen!

Allgemein

  • Dieses Quiz wurde 18 mal gespielt
  • Das Durchschnittsergebnis liegt bei 14 aus 27

Antwortstatistiken

Land% Korrekt
Deutschland
100%
Vereinigte Staaten
100%
Brasilien
94%
Frankreich
94%
Italien
94%
Russland
94%
Indien
83%
Mexiko
78%
Spanien
78%
Argentinien
67%
Vereinigtes Königreich
67%
Niederlande
61%
Belgien
50%
Iran
50%
Türkei
50%
Indonesien
44%
Kolumbien
44%
Tschechien
33%
Serbien
28%
Schweden
22%
Slowenien
22%
Uruguay
22%
Estland
17%
Israel
17%
Litauen
17%
Bahrain
6%
Georgien
6%

Verteilung der Resultate

Perzentil nach korrekt beantworteten Fragen

Anzahl Personen mit jedem Resultat

Ihre Resultats-Entwicklung

Sie haben dieses Quiz noch nicht gespielt